000 00288nam a22001337a 4500
008 260123b ||||| |||| 00| 0 eng d
020 _a9789951283991
041 _aeng
080 _a001
100 _a24
101 _agaz
245 _aTranzicioni i medies ne Kosove
942 _2lcc
_cBK
999 _c60759
_d60759